[Event "ch-Frankfurt A"]
[Site "Frankfurt Main"]
[Date "2025.06.16"]
[Round "7.1"]
[White "Rabiya, Karim"]
[Black "Krause, Jonah"]
[Result "1/2-1/2"]
[WhiteElo "1801"]
[BlackElo "2361"]
[PlyCount "44"]
[GameId "533428680972"]
[EventDate "2025.04.28"]
[EventType "swiss"]
[EventRounds "7"]
[EventCountry "GER"]
[WhiteTeam "SK Niederbrechen 1948"]
[BlackTeam "FC ST.Pauli 1910 eV SAbt"]

1. e4 c5 2. Nf3 e6 3. c3 d5 4. e5 d4 5. d3 Nc6 6. g3 Nge7 7. Bg2 Ng6 8. Qe2 Qc7 9. Na3 Bd7 10. O-O Ncxe5 11. Nxe5 Qxe5 12. Be4 Be7 13. h4 f5 14. Nc4 Qc7 15. Bg2 Rd8 16. h5 b5 17. Na3 Ne5 18. cxd4 cxd4 19. Bf4 Bd6 20. Rac1 Qb8 21. Rfe1 Nf7 22. Bc6 e5 1/2-1/2

[Event "ch-Frankfurt A"]
[Site "Frankfurt Main"]
[Date "2025.06.16"]
[Round "7.2"]
[White "Cwiek, Ryszard"]
[Black "Neukirchner, Pascal"]
[Result "0-1"]
[WhiteElo "2031"]
[BlackElo "2245"]
[PlyCount "110"]
[GameId "533428680973"]
[EventDate "2025.04.28"]
[EventType "swiss"]
[EventRounds "7"]
[EventCountry "GER"]
[BlackTeam "Heilbronner SV"]

1. f4 d5 2. Nf3 g6 3. e3 Bg7 4. c4 Nf6 5. Nc3 O-O 6. b4 Bg4 7. d4 a5 8. b5 c5 9. bxc6 Nxc6 10. c5 Ne4 11. Bb2 a4 12. Rc1 a3 13. Ba1 Nb4 14. Be2 b6 15. c6 Nxc6 16. Nxe4 dxe4 17. Rxc6 Qd5 18. Rc2 exf3 19. Bxf3 Bxf3 20. Qxf3 Qa5+ 21. Bc3 Qa4 22. Kd2 Rfc8 23. Rb1 e6 24. Rxb6 Bf8 25. Qb7 Qc4 26. Rb1 h5 27. Qb5 Qc7 28. Rbc1 Rab8 29. Qd3 Qb7 30. Ke1 Rxc3 31. Rxc3 Bb4 32. Kf2 Bxc3 33. Rxc3 Qd5 34. Rc2 Rb2 35. Rxb2 axb2 36. Qb1 Qb7 37. a4 Qb3 38. Ke2 Qc3 39. Kd1 h4 40. a5 Qb3+ 41. Kd2 Qa3 42. a6 Qa5+ 43. Kc2 Qxa6 44. Qxb2 Qe2+ 45. Kb1 Qxe3 46. Qb8+ Kh7 47. g3 Qg1+ 48. Kc2 Qxh2+ 49. Kd3 Qxg3+ 50. Ke4 g5 51. d5 exd5+ 52. Kxd5 Qxf4 53. Qb1+ Kg7 54. Qb2+ Qf6 55. Qg2 h3 0-1

[Event "ch-Frankfurt A"]
[Site "Frankfurt Main"]
[Date "2025.06.16"]
[Round "7.3"]
[White "Leimeister, Erhard"]
[Black "Ewers, Christian"]
[Result "1-0"]
[WhiteElo "2209"]
[BlackElo "1880"]
[PlyCount "63"]
[GameId "533428680974"]
[EventDate "2025.04.28"]
[EventType "swiss"]
[EventRounds "7"]
[EventCountry "GER"]
[WhiteTeam "SV 1934 Ffm-Griesheim"]

1. Nf3 Nf6 2. c4 d6 3. Nc3 Nfd7 4. d4 h6 5. e4 g6 6. Be2 Bg7 7. O-O O-O 8. Be3 Nb6 9. Qb3 c6 10. Rfd1 Qc7 11. Rac1 Be6 12. h3 Nc8 13. Qa3 Bd7 14. b4 e5 15. d5 f5 16. c5 dxc5 17. Bxc5 Re8 18. b5 b6 19. dxc6 Be6 20. Bb4 a5 21. Nd5 Bxd5 22. exd5 axb4 23. Qxa8 Nd6 24. Qa4 Ne4 25. Qxb4 Bf8 26. Qb3 Kh7 27. Nd2 Nc5 28. Qc2 Qd8 29. Nc4 Qh4 30. d6 Ne4 31. Bf1 Rc8 32. d7 1-0

[Event "ch-Frankfurt A"]
[Site "Frankfurt Main"]
[Date "2025.06.16"]
[Round "7.4"]
[White "Kupriyanov, Daniel"]
[Black "Dolidze, David"]
[Result "1-0"]
[WhiteElo "2112"]
[BlackElo "1809"]
[PlyCount "93"]
[GameId "533428680975"]
[EventDate "2025.04.28"]
[EventType "swiss"]
[EventRounds "7"]
[EventCountry "GER"]
[BlackTeam "SC Eschborn 1974"]

1. e4 c6 2. d4 d5 3. e5 Bf5 4. Nd2 e6 5. Nb3 h6 6. Nf3 Nd7 7. Be2 Qc7 8. O-O g5 9. a4 Ne7 10. Bd2 Bg7 11. Bb4 Qd8 12. Ne1 O-O 13. Bd3 Re8 14. f4 g4 15. a5 Bxd3 16. Nxd3 Nf5 17. Qxg4 Ne3 18. Qe2 Nxf1 19. Rxf1 f5 20. Qh5 b6 21. Rf3 Nf8 22. Rg3 Qd7 23. Qxh6 Nh7 24. Nd2 Qf7 25. Nf3 Rab8 26. a6 Rbc8 27. Bd6 Rcd8 28. Qh4 Rd7 29. b4 Red8 30. c3 Qe8 31. Ng5 Nxg5 32. fxg5 Rxd6 33. exd6 e5 34. dxe5 Bxe5 35. Rh3 Rd7 36. Qe1 Bxh2+ 37. Kxh2 Qxe1 38. Nxe1 Rxd6 39. Rh6 Rd7 40. Rxc6 d4 41. Nd3 dxc3 42. Rxc3 Rd4 43. Kg3 Kf7 44. Kf3 Kg6 45. Nf4+ Kf7 46. g6+ Kg8 47. Rc8+ 1-0

[Event "ch-Frankfurt A"]
[Site "Frankfurt Main"]
[Date "2025.06.16"]
[Round "7.6"]
[White "Rutsatz, Mario"]
[Black "Philipp, Nils"]
[Result "1/2-1/2"]
[WhiteElo "1913"]
[BlackElo "1902"]
[PlyCount "22"]
[GameId "533428680977"]
[EventDate "2025.04.28"]
[EventType "swiss"]
[EventRounds "7"]
[EventCountry "GER"]
[WhiteTeam "SC 1961 König Nied"]
[BlackTeam "Sabt Frankfurter TV 1860"]

1. d4 d5 2. c4 dxc4 3. Nf3 Nf6 4. g3 Nc6 5. Bg2 e5 6. Qa4 Bb4+ 7. Bd2 Bxd2+ 8. Nbxd2 exd4 9. Nxd4 Qxd4 10. Bxc6+ Bd7 11. Bxd7+ Qxd7 1/2-1/2

[Event "ch-Frankfurt A"]
[Site "Frankfurt Main"]
[Date "2025.06.16"]
[Round "7.7"]
[White "Fayed, Ahmed"]
[Black "Bonnaire, Ulrich"]
[Result "0-1"]
[WhiteElo "1656"]
[BlackElo "2135"]
[PlyCount "72"]
[GameId "533428680978"]
[EventDate "2025.04.28"]
[EventType "swiss"]
[EventRounds "7"]
[EventCountry "GER"]
[WhiteTeam "Sfr.1932 Kelkheim"]
[BlackTeam "SC Frankfurt-West"]

1. d4 f5 2. Nf3 Nf6 3. e3 g6 4. b3 Bg7 5. Bb2 O-O 6. Bc4+ e6 7. O-O d6 8. Nbd2 Qe7 9. a4 b6 10. Re1 Ne4 11. a5 Bb7 12. a6 Bc8 13. Bd3 d5 14. Ne5 Bd7 15. f4 c5 16. Ndf3 Be8 17. c4 Nd7 18. cxd5 exd5 19. Nxd7 Bxd7 20. Ne5 Rfc8 21. Rc1 Be6 22. Ba3 Rc7 23. Re2 Rac8 24. Rec2 Bf8 25. Bxe4 fxe4 26. g4 Kh8 27. g5 Qe8 28. Qe2 Bd6 29. h4 Bd7 30. h5 Bb5 31. Qh2 gxh5 32. Rg2 cxd4 33. Rxc7 Bxc7 34. g6 Bxe5 35. Qxh5 Rc7 36. g7+ Bxg7 0-1

[Event "ch-Frankfurt A"]
[Site "Frankfurt Main"]
[Date "2025.06.16"]
[Round "7.8"]
[White "Rondonuwu, Grover"]
[Black "Steigleder, Maximilian"]
[Result "1-0"]
[WhiteElo "2011"]
[BlackElo "1901"]
[Annotator "thoma"]
[PlyCount "109"]
[GameId "533428680979"]
[EventDate "2025.04.28"]
[EventType "swiss"]
[EventRounds "7"]
[EventCountry "GER"]
[WhiteTeam "Sabt Frankfurter TV 1860"]
[BlackTeam "Sfr.1932 Kelkheim"]

{[%evp 0,80,58,28,30,21,58,60,108,87,77,90,74,65,109,37,29,30,39,37,29,34,73,10,37,-30,7,-2,-11,-15,0,-10,3,-19,13,24,72,66,66,67,89,65,46,52,73,66,66,46,48,43,35,41,85,82,59,63,61,61,61,61,73,67,81,71,62,83,90,94,102,96,173,158,267,111,211,238,313,299,367,249,223,243,245]} 1. d4 Nf6 2. Nc3 g6 3. e4 d6 4. Nf3 Bg7 5. Be2 O-O 6. O-O c5 7. h3 cxd4 8. Nxd4 Nc6 9. Be3 d5 10. exd5 Nb4 11. Nb3 Nfxd5 12. Bd4 Nxc3 13. bxc3 Nc6 14. Bxg7 Kxg7 15. Nd4 Bd7 16. Bf3 Rc8 17. Re1 e5 18. Bxc6 bxc6 19. Rxe5 Qf6 20. Qe2 Rfe8 21. Re1 Qd6 22. Qe3 c5 23. Nf3 Rxe5 24. Qxe5+ Qxe5 25. Rxe5 Ba4 26. Re7 a6 27. Ra7 Rc6 28. Ne5 Rf6 29. Rc7 Bxc2 30. Rxc5 Bb1 31. a4 Bc2 32. a5 Rf5 33. f3 Ba4 34. Kf2 Bb5 35. Ke3 f6 36. Rc7+ Kg8 37. Ng4 Kh8 38. c4 Ba4 39. Kd4 h5 40. Ne3 Rxa5 41. Nd5 Kg8 42. Nxf6+ Kf8 43. c5 Bb5 44. Ke5 Ra2 45. g4 hxg4 46. hxg4 Re2+ 47. Kf4 Re7 48. Rc8+ Kf7 49. Nd5 Ra7 50. Ke5 a5 51. c6 a4 52. c7 Ba6 53. Rd8 Bc8 54. Rxc8 a3 55. Rf8+ 1-0

[Event "ch-Frankfurt A"]
[Site "Frankfurt Main"]
[Date "2025.06.16"]
[Round "7.10"]
[White "Zimmer, Gerald"]
[Black "Heß, Steffen"]
[Result "0-1"]
[WhiteElo "1951"]
[BlackElo "2081"]
[PlyCount "50"]
[GameId "533428680981"]
[EventDate "2025.04.28"]
[EventType "swiss"]
[EventRounds "7"]
[EventCountry "GER"]
[WhiteTeam "SC Bergen-Enkheim 1922"]
[BlackTeam "SC Groß-Zimmern"]

1. d4 Nf6 2. Nf3 g6 3. b3 Bg7 4. Bb2 d5 5. e3 O-O 6. c4 c5 7. cxd5 Nxd5 8. Bc4 Nb6 9. O-O Nxc4 10. bxc4 Nc6 11. Na3 Bg4 12. Nc2 cxd4 13. exd4 Rc8 14. Rb1 b6 15. Bc3 Bxf3 16. gxf3 Qc7 17. Re1 Rfd8 18. Rc1 e6 19. Re4 Ne7 20. Ne3 Nf5 21. d5 Nxe3 22. Rxe3 Qxc4 23. d6 Rc5 24. Bb2 Qd5 25. Bxg7 Kxg7 0-1

[Event "ch-Frankfurt A"]
[Site "Frankfurt Main"]
[Date "2025.06.16"]
[Round "7.11"]
[White "von Wahden, Jens"]
[Black "Kraft, Joshua"]
[Result "1/2-1/2"]
[WhiteElo "1957"]
[BlackElo "1771"]
[PlyCount "41"]
[GameId "533428680982"]
[EventDate "2025.04.28"]
[EventType "swiss"]
[EventRounds "7"]
[EventCountry "GER"]
[WhiteTeam "SV Oberursel"]
[BlackTeam "SC 1979 Hattersheim"]

1. d4 d5 2. c4 dxc4 3. Nf3 Nf6 4. e3 e6 5. Bxc4 Be7 6. O-O O-O 7. Nc3 c5 8. Qe2 a6 9. a4 Nc6 10. Rd1 cxd4 11. exd4 Nb4 12. Bg5 Nbd5 13. Ne5 Nxc3 14. bxc3 Nd5 15. Bxe7 Nxe7 16. Qf3 Qc7 17. Bb3 Bd7 18. Nxd7 Qxd7 19. c4 Rab8 20. a5 Rfd8 21. d5 1/2-1/2

[Event "ch-Frankfurt A"]
[Site "Frankfurt Main"]
[Date "2025.06.16"]
[Round "7.12"]
[White "Schweitzer, Stefan"]
[Black "Griesfeller, Sven"]
[Result "0-1"]
[WhiteElo "1833"]
[BlackElo "1874"]
[PlyCount "110"]
[GameId "533428680983"]
[EventDate "2025.04.28"]
[EventType "swiss"]
[EventRounds "7"]
[EventCountry "GER"]
[WhiteTeam "SF Frankfurt 1921"]
[BlackTeam "Schachdrachen Büdingen-Wächtersb"]

1. c4 e5 2. g3 Nf6 3. Bg2 Bc5 4. e3 Nc6 5. Nc3 O-O 6. Nge2 d5 7. cxd5 Nb4 8. O-O Nbxd5 9. Nxd5 Nxd5 10. d4 exd4 11. Nxd4 c6 12. a3 Nf6 13. Nb3 Bb6 14. Qc2 Qe7 15. Bd2 Rd8 16. Bb4 Qe8 17. h3 Nd5 18. Bc5 Bc7 19. e4 Nf6 20. Bd4 Be6 21. Bxf6 gxf6 22. Nc5 Bc8 23. Rac1 Be5 24. Nb3 Be6 25. Nc5 Qe7 26. Nxe6 fxe6 27. b4 a5 28. Rb1 axb4 29. axb4 Ra3 30. f4 Bd4+ 31. Kh2 Rda8 32. Qc4 Rd8 33. Rfd1 Rc3 34. Qa2 Kh8 35. Rb3 Rxb3 36. Qxb3 e5 37. f5 Rg8 38. Bf1 Bf2 39. Rd3 c5 40. Rf3 Bd4 41. Bc4 Ra8 42. b5 b6 43. Rf1 Qa7 44. Bd5 Qa4 45. Rb1 Qxb3 46. Bxb3 Ra5 47. Bd5 Ra4 48. Rc1 Rb4 49. Bc6 c4 50. Kg2 Rb2+ 51. Kf1 c3 52. Ke1 Rg2 53. Kd1 Rd2+ 54. Ke1 Bf2+ 55. Kf1 c2 0-1

[Event "ch-Frankfurt A"]
[Site "Frankfurt Main"]
[Date "2025.06.16"]
[Round "7.13"]
[White "Brehme, Ralf-Peter"]
[Black "Mayer, Frank"]
[Result "0-1"]
[WhiteElo "1964"]
[BlackElo "1984"]
[PlyCount "44"]
[GameId "533428680984"]
[EventDate "2025.04.28"]
[EventType "swiss"]
[EventRounds "7"]
[EventCountry "GER"]
[WhiteTeam "Vorw.Orient Mainz"]
[BlackTeam "Wiesbadener SV 1885"]

1. f4 d5 2. Nf3 Bf5 3. g3 e6 4. Bg2 h5 5. d3 Nc6 6. Nc3 Bc5 7. e3 h4 8. gxh4 Bg4 9. d4 Be7 10. Ne2 Bxh4+ 11. Kf1 Nh6 12. Ng3 Bxg3 13. hxg3 Qf6 14. Bd2 O-O-O 15. Kf2 Nf5 16. Qe2 Nd6 17. Qe1 Rxh1 18. Bxh1 Ne4+ 19. Kg1 Rh8 20. c4 Rxh1+ 21. Kxh1 Bxf3+ 22. Kg1 Qh6 0-1

[Event "ch-Frankfurt A"]
[Site "Frankfurt Main"]
[Date "2025.06.16"]
[Round "7.14"]
[White "Rennhack, Peer"]
[Black "Hensel, Roman"]
[Result "1/2-1/2"]
[WhiteElo "1949"]
[BlackElo "1781"]
[PlyCount "156"]
[GameId "533428680985"]
[EventDate "2025.04.28"]
[EventType "swiss"]
[EventRounds "7"]
[EventCountry "GER"]
[WhiteTeam "Sabt Frankfurter TV 1860"]
[BlackTeam "SV Oberursel"]

1. e4 c5 2. d4 cxd4 3. c3 dxc3 4. Nxc3 e6 5. Bc4 Nc6 6. Nf3 Bb4 7. O-O Nge7 8. Bf4 a6 9. Qe2 Ng6 10. Bg3 O-O 11. Rfd1 b5 12. Bb3 Qb6 13. Rac1 Rd8 14. a3 Be7 15. e5 Na5 16. Ba2 d5 17. exd6 Bxd6 18. Ng5 Bxg3 19. hxg3 Bb7 20. Qh5 Nc4 21. Qxh7+ Kf8 22. Bb1 Nce5 23. Bxg6 Nxg6 24. Re1 Rd2 25. Re2 Rad8 26. Nxe6+ fxe6 27. Qxg6 Qc6 28. f3 Qc4 29. Qg5 Qd4+ 30. Kh2 Rxe2 31. Nxe2 Qd2 32. Nf4 Kg8 33. Nxe6 Qxg5 34. Nxg5 g6 35. Rc7 Bd5 36. Ra7 Rd6 37. Ne4 Bxe4 38. fxe4 Re6 39. Kg1 Rxe4 40. Rxa6 Re2 41. b4 Kf7 42. Kf1 Re5 43. Kf2 Rd5 44. Ke3 Re5+ 45. Kf3 Rf5+ 46. Kg4 Rd5 47. Ra5 Kf6 48. Ra6+ Kf7 49. Rb6 Re5 50. Kf4 Rf5+ 51. Ke4 Rg5 52. Ke3 Rxg3+ 53. Kf2 Rg5 54. g3 Rf5+ 55. Kg2 Rd5 56. g4 Rd3 57. Rxb5 Rxa3 58. g5 Rb3 59. Rb7+ Ke6 60. Rb5 Ke7 61. Kf2 Kf7 62. Rb6 Rc3 63. Rf6+ Kg7 64. Rf4 Rb3 65. Rc4 Kf7 66. Rc7+ Ke6 67. Rb7 Kf5 68. Rb5+ Kf4 69. Ke2 Ra3 70. Kd2 Rb3 71. Kc2 Ra3 72. Rc5 Ke4 73. Kb2 Rg3 74. Kc2 Kd4 75. Kb2 Ke4 76. Kc2 Kd4 77. Kb2 Ke4 78. Kc2 Kd4 1/2-1/2

[Event "ch-Frankfurt A"]
[Site "Frankfurt Main"]
[Date "2025.06.16"]
[Round "7.15"]
[White "Fröhlich-Dill, Astrid"]
[Black "Beinrucker, Clemens"]
[Result "1/2-1/2"]
[WhiteElo "1781"]
[BlackElo "1937"]
[PlyCount "104"]
[GameId "533428680986"]
[EventDate "2025.04.28"]
[EventType "swiss"]
[EventRounds "7"]
[EventCountry "GER"]
[WhiteTeam "SV 1920 Hofheim"]
[BlackTeam "SK Niederbrechen 1948"]

1. d4 Nf6 2. c4 c5 3. e3 g6 4. Nc3 b6 5. d5 Bg7 6. Nf3 O-O 7. Be2 Bb7 8. O-O e6 9. e4 exd5 10. exd5 d6 11. h3 Na6 12. Bf4 Nc7 13. a4 a6 14. Qb3 Rb8 15. Qxb6 Nfe8 16. Qa5 Bc8 17. Nd1 Rb4 18. Bd2 Rb3 19. Ra3 Rxa3 20. bxa3 Nf6 21. Bg5 Qd7 22. Bd3 Re8 23. Ne3 Ne4 24. Bxe4 Rxe4 25. Nd2 Rd4 26. Ng4 Ne8 27. Re1 f6 28. Be3 Rd3 29. Nh6+ Kf8 30. Ng4 Rxa3 31. Bh6 Bxh6 32. Nxh6 Rxa4 33. Qc3 Qg7 34. Qe3 Bd7 35. g4 Rb4 36. h4 Rb8 37. g5 f5 38. Qa3 Nc7 39. Qa5 Rb7 40. Re3 Qd4 41. Rb3 Rxb3 42. Nxb3 Qd1+ 43. Kg2 Qxb3 44. Qxc7 Ke7 45. Ng8+ Kf7 46. Nh6+ Ke8 47. Qxd6 Qxc4 48. Qb8+ Ke7 49. Qe5+ Kf8 50. Qd6+ Ke8 51. Qe5+ Kf8 52. Qd6+ Ke8 1/2-1/2

[Event "ch-Frankfurt A"]
[Site "Frankfurt Main"]
[Date "2025.06.16"]
[Round "7.18"]
[White "Börsch, Dieter"]
[Black "Trierweiler, Joachim"]
[Result "1/2-1/2"]
[WhiteElo "1800"]
[BlackElo "1836"]
[PlyCount "98"]
[GameId "533428680989"]
[EventDate "2025.04.28"]
[EventType "swiss"]
[EventRounds "7"]
[EventCountry "GER"]
[WhiteTeam "SK Bad Homburg 1927"]
[BlackTeam "Vorw.Orient Mainz"]

1. d4 g6 2. c4 Bg7 3. Nc3 c5 4. d5 d6 5. e4 Nf6 6. Nf3 O-O 7. Be2 Na6 8. O-O Nc7 9. h3 Bd7 10. Qc2 a6 11. a4 Rb8 12. a5 b5 13. axb6 Rxb6 14. Nd2 Qb8 15. f4 Nh5 16. Bxh5 gxh5 17. Nf3 Kh8 18. e5 f5 19. e6 Be8 20. Kh1 Bg6 21. Rb1 Ne8 22. Bd2 Nf6 23. Nh4 Ne8 24. Nd1 Rb3 25. Bc3 Bxc3 26. Nxc3 Qb4 27. Na2 Qb7 28. Rf3 Rxf3 29. Nxf3 Nf6 30. Nc3 Qb4 31. b3 Kg8 32. Ra1 Ne4 33. Nxe4 fxe4 34. Nh4 Rxf4 35. Nxg6 hxg6 36. Qc1 g5 37. g3 Rf5 38. Qe3 Kg7 39. Qxe4 Kf6 40. Qe3 Qb7 41. h4 Kg6 42. hxg5 Qc8 43. Qe4 Qf8 44. Rf1 Kxg5 45. Rxf5+ Qxf5 46. Qh4+ Kg6 47. Qxe7 Qf1+ 48. Kh2 Qf2+ 49. Kh3 Qf1+ 1/2-1/2

[Event "ch-Frankfurt A"]
[Site "Frankfurt Main"]
[Date "2025.06.16"]
[Round "7.19"]
[White "Dobaj, Daniel"]
[Black "Bittner, Peter"]
[Result "1-0"]
[WhiteElo "1637"]
[BlackElo "1892"]
[PlyCount "67"]
[GameId "533428680990"]
[EventDate "2025.04.28"]
[EventType "swiss"]
[EventRounds "7"]
[EventCountry "GER"]
[BlackTeam "SC 1961 König Nied"]

1. e4 e5 2. Nf3 Nc6 3. d4 exd4 4. Nxd4 d6 5. Nc3 Be7 6. Be3 Nf6 7. f3 a6 8. Qd2 Nxd4 9. Qxd4 O-O 10. O-O-O b5 11. g4 Be6 12. g5 Nd7 13. f4 c5 14. Qd2 b4 15. Nd5 Bxd5 16. exd5 a5 17. h4 a4 18. h5 f6 19. g6 f5 20. gxh7+ Kxh7 21. Bb5 Nf6 22. Qg2 Ng4 23. Rdg1 a3 24. b3 Bf6 25. Bd2 Bd4 26. Re1 Qf6 27. Re6 Bb2+ 28. Kd1 Qd4 29. Rf1 Rf6 30. Qg1 Qxd5 31. Rxf6 Bxf6 32. Bd3 Re8 33. Qxg4 Bd4 34. Qg6+ 1-0

[Event "ch-Frankfurt A"]
[Site "Frankfurt Main"]
[Date "2025.06.16"]
[Round "7.25"]
[White "Gärtner, Peter"]
[Black "Rotermund, Verena"]
[Result "1-0"]
[WhiteElo "1757"]
[BlackElo "1799"]
[PlyCount "123"]
[GameId "533428680996"]
[EventDate "2025.04.28"]
[EventType "swiss"]
[EventRounds "7"]
[EventCountry "GER"]
[WhiteTeam "Sfr.Mainz 1928"]
[BlackTeam "Vorw.Orient Mainz"]

1. c4 Nf6 2. Nc3 g6 3. d4 d6 4. Nf3 Bg7 5. e3 O-O 6. Bd3 c5 7. O-O Bg4 8. h3 Bxf3 9. Qxf3 Nc6 10. d5 Nb4 11. Bb1 a5 12. a3 Na6 13. Bd3 Nc7 14. e4 Nd7 15. Be2 e6 16. Rb1 h6 17. Bd2 Qe7 18. Rfe1 Kh7 19. g3 Ne5 20. Qg2 f5 21. f4 Nd7 22. exf5 Bd4+ 23. Kh1 exf5 24. Bf3 Qg7 25. Qf1 Rae8 26. Rxe8 Rxe8 27. Re1 Rf8 28. Qd3 Bf2 29. Re2 Bxg3 30. Rg2 Bh4 31. Bh5 Rf6 32. Nd1 Qf7 33. Be2 Qe7 34. Bxa5 b6 35. Bc3 Rf7 36. Bf3 Be1 37. Re2 Qh4 38. Bxe1 Qd8 39. Bc3 Qh4 40. Nf2 Qxf4 41. Bd2 Qh4 42. Kh2 Ne5 43. Qc3 g5 44. Bg2 f4 45. Rxe5 dxe5 46. Be4+ Kg8 47. Qf3 h5 48. Bg6 Rg7 49. Bxh5 Rh7 50. Bg4 Ne8 51. Ne4 Rh6 52. Bc3 Nd6 53. Nxd6 Rxd6 54. Bxe5 Rd8 55. Bc3 Re8 56. Be6+ Kf8 57. Qg2 Re7 58. Qg4 Qh6 59. Qf5+ Ke8 60. Bf6 Rh7 61. Bxg5 Rg7 62. Bd7+ 1-0

[Event "ch-Frankfurt A"]
[Site "Frankfurt Main"]
[Date "2025.06.16"]
[Round "7.26"]
[White "Rauscher, Joachim"]
[Black "Stricker, Konstantin"]
[Result "1-0"]
[WhiteElo "1801"]
[BlackElo "1799"]
[PlyCount "61"]
[GameId "533428680997"]
[EventDate "2025.04.28"]
[EventType "swiss"]
[EventRounds "7"]
[EventCountry "GER"]
[WhiteTeam "SC Brett vorm Kopp Ffm"]
[BlackTeam "SC Eschbach im Usinger Land"]

1. e4 c5 2. Nf3 Nc6 3. d4 cxd4 4. Nxd4 Nf6 5. Nc3 d6 6. Bc4 e6 7. Be3 Be7 8. f3 a6 9. Qd2 Qc7 10. g4 Ne5 11. Be2 Nc4 12. Bxc4 Qxc4 13. g5 Nd7 14. f4 b5 15. a3 Bb7 16. Rf1 e5 17. Nf5 g6 18. Nxd6+ Bxd6 19. Qxd6 Bxe4 20. O-O-O Bf5 21. fxe5 Be6 22. Rf4 Qc8 23. Nd5 Bxd5 24. Rxd5 Nf8 25. Bc5 Qd7 26. e6 Qxd6 27. exf7+ Kd7 28. Rxd6+ Kc7 29. Re4 Nd7 30. Re7 Rad8 31. Rexd7+ 1-0

[Event "ch-Frankfurt A"]
[Site "Frankfurt Main"]
[Date "2025.06.16"]
[Round "7.28"]
[White "Erbach, Jürgen"]
[Black "Roth, Daniel"]
[Result "0-1"]
[WhiteElo "1669"]
[BlackElo "1804"]
[PlyCount "62"]
[GameId "533428680999"]
[EventDate "2025.04.28"]
[EventType "swiss"]
[EventRounds "7"]
[EventCountry "GER"]
[WhiteTeam "Sfr.1932 Kelkheim"]
[BlackTeam "SC Matt im Park Ffm"]

1. Nf3 d5 2. e3 Nf6 3. c4 b6 4. Nc3 Bb7 5. b3 e6 6. Bb2 Nbd7 7. Qc2 dxc4 8. Bxc4 Be7 9. h4 O-O 10. O-O-O c5 11. h5 h6 12. Rdg1 a6 13. Rh3 b5 14. Bd3 c4 15. bxc4 Nc5 16. Be2 Rc8 17. cxb5 axb5 18. Kd1 Na4 19. Qb3 Nxc3+ 20. Bxc3 Rxc3 21. Qxc3 Ne4 22. Qb2 Nxf2+ 23. Ke1 Nxh3 24. gxh3 Bf6 25. Qxb5 Qa8 26. Ne5 Rb8 27. Nd7 Bh4+ 28. Kd1 Rd8 29. Nc5 Qxa2 30. Nd3 Rc8 31. Qb2 Qa4+ 0-1

[Event "ch-Frankfurt A"]
[Site "Frankfurt Main"]
[Date "2025.06.16"]
[Round "7.29"]
[White "Kluge, Joscha"]
[Black "Ghaznavi, Massoud"]
[Result "1-0"]
[WhiteElo "1677"]
[BlackElo "1616"]
[PlyCount "115"]
[GameId "533428681000"]
[EventDate "2025.04.28"]
[EventType "swiss"]
[EventRounds "7"]
[EventCountry "GER"]
[WhiteTeam "SC Bergen-Enkheim 1922"]
[BlackTeam "SV Oberursel"]

1. c4 c5 2. g3 e6 3. Bg2 d5 4. cxd5 exd5 5. d4 c4 6. Nc3 Be6 7. b3 Bb4 8. Bd2 Bxc3 9. Bxc3 b5 10. a4 Qb6 11. axb5 Qxb5 12. bxc4 Qxc4 13. Qa4+ Qxa4 14. Rxa4 Nc6 15. Nh3 Nge7 16. Nf4 O-O 17. O-O Rfd8 18. Nxe6 fxe6 19. Rfa1 Kf7 20. Bb4 Nxb4 21. Rxb4 Rd7 22. Ra6 Rc8 23. Bh3 Rc1+ 24. Kg2 Rc6 25. Rba4 Rxa6 26. Rxa6 Nf5 27. Bxf5 exf5 28. Kf3 g6 29. Kf4 h6 30. h4 Re7 31. e3 Re4+ 32. Kf3 Re7 33. Rd6 Re6 34. Rd7+ Re7 35. Rxd5 Ke6 36. Ra5 Rb7 37. Ra6+ Kf7 38. h5 gxh5 39. Rxh6 Kg7 40. Ra6 Rf7 41. Kf4 Rb7 42. Kg5 Kg8 43. Kxh5 Rh7+ 44. Kg5 Rg7+ 45. Kxf5 Rf7+ 46. Ke4 Rxf2 47. Rxa7 Rg2 48. Kf3 Rg1 49. d5 Kf8 50. e4 Rf1+ 51. Kg4 Ke8 52. e5 Re1 53. Kf5 Rf1+ 54. Ke6 Kd8 55. Ra8+ Kc7 56. d6+ Kb7 57. d7 Rd1 58. d8=Q 1-0

[Event "ch-Frankfurt A"]
[Site "Frankfurt Main"]
[Date "2025.06.16"]
[Round "7.30"]
[White "Fernengel, Rudolf"]
[Black "Hofmann, Werner"]
[Result "1/2-1/2"]
[WhiteElo "1882"]
[BlackElo "1780"]
[PlyCount "76"]
[GameId "533428681001"]
[EventDate "2025.04.28"]
[EventType "swiss"]
[EventRounds "7"]
[EventCountry "GER"]
[WhiteTeam "SC 1910 Höchst"]
[BlackTeam "SV 1920 Kelsterbach"]

1. d4 d5 2. Nf3 e6 3. e3 Bd6 4. c4 c6 5. Nc3 f5 6. g3 Nf6 7. a3 Nbd7 8. Rb1 O-O 9. b4 Ne4 10. Bb2 Ndf6 11. Nxe4 Nxe4 12. Nd2 Qf6 13. Bg2 Bd7 14. c5 Bc7 15. O-O g5 16. Nxe4 fxe4 17. f3 exf3 18. Rxf3 Qg6 19. Rc1 g4 20. Rxf8+ Rxf8 21. Qe2 Qg5 22. Rf1 Rxf1+ 23. Bxf1 Be8 24. Qf2 Qf5 25. Qxf5 exf5 26. Bd3 Bd7 27. Kf2 Kg7 28. a4 a6 29. Ke2 h5 30. Bc1 Kf6 31. Bd2 Be8 32. Be1 Bd7 33. Bf2 Be8 34. Bg1 Bd7 35. Kd2 Ke7 36. Kc3 Kd8 37. Kd2 Ke7 38. Ke2 Kf6 1/2-1/2

[Event "ch-Frankfurt A"]
[Site "Frankfurt Main"]
[Date "2025.06.16"]
[Round "7.35"]
[White "Shanmuganathan, Adhav"]
[Black "Muthig, Holger"]
[Result "1-0"]
[WhiteElo "1685"]
[BlackElo "1810"]
[PlyCount "49"]
[GameId "533428681006"]
[EventDate "2025.04.28"]
[EventType "swiss"]
[EventRounds "7"]
[EventCountry "GER"]
[WhiteTeam "SV 1934 Ffm-Griesheim"]

{[%evp 0,49,14,28,77,76,60,46,46,49,36,31,31,-3,37,37,53,47,51,47,25,37,37,37,45,54,67,62,74,-2,45,41,33,43,43,43,37,15,72,72,124,49,0,0,0,0,0,0,176,147,142,168]} 1. e4 c6 2. d4 d5 3. Nc3 dxe4 4. Nxe4 Nf6 5. Nxf6+ exf6 6. Bf4 Be7 7. c3 O-O 8. Bd3 Be6 9. Ne2 Nd7 10. O-O Re8 11. Re1 Nf8 12. Bg3 Qd7 13. Qc2 Rad8 14. f4 Bg4 15. h3 Bxe2 16. Rxe2 Bd6 17. Rae1 g6 18. Bh4 Bxf4 19. Bxf6 Rc8 20. Re7 Rxe7 21. Rxe7 Qd6 22. Bc4 Qxf6 23. Rxf7 Qxf7 24. Bxf7+ Kxf7 25. Qf2 1-0

[Event "ch-Frankfurt A"]
[Site "Frankfurt Main"]
[Date "2025.06.16"]
[Round "7.36"]
[White "Schäfers, Serge"]
[Black "Grinberg, Igor"]
[Result "1-0"]
[WhiteElo "1846"]
[BlackElo "1600"]
[PlyCount "89"]
[GameId "533428681007"]
[EventDate "2025.04.28"]
[EventType "swiss"]
[EventRounds "7"]
[EventCountry "GER"]
[WhiteTeam "TSV Bindlach Aktionär"]
[BlackTeam "SAbt TuS Makkabi Ffm"]

1. b4 d5 2. Bb2 Nf6 3. b5 Bf5 4. e3 Nbd7 5. Nf3 e6 6. c4 c6 7. bxc6 bxc6 8. Nd4 Qb6 9. Qb3 Qxb3 10. axb3 Bxb1 11. Rxb1 Nb8 12. cxd5 exd5 13. Rc1 Kd7 14. Nf5 a5 15. Ra1 Ke6 16. Nd4+ Kd7 17. Bc3 Bc5 18. Nf5 Bf8 19. Rxa5 Rxa5 20. Bxa5 g6 21. Nd4 Bc5 22. Nc2 Rc8 23. Be2 Kd6 24. d4 Ba7 25. O-O Nbd7 26. Bb4+ c5 27. dxc5+ Bxc5 28. Bxc5+ Nxc5 29. b4 Na4 30. Bb5 Ra8 31. Ra1 Nb6 32. Rxa8 Nxa8 33. f3 Nc7 34. Bd3 Nd7 35. Nd4 Ne5 36. Be2 f5 37. Kf2 Nc4 38. g4 fxg4 39. fxg4 Ne6 40. Nxe6 Kxe6 41. Bxc4 dxc4 42. Ke2 Kd5 43. Kd2 g5 44. Kc3 h6 45. h3 1-0